Olivia Rodrigo GUTS Tour Surprise Guests - Statistics

General Stats
  • This quiz has been taken 28 times
  • The average score is 2 of 5
Answer Stats
Answer % Correct
Chappell Roan
100%
Noah Kahan
64%
Lily Allen
27%
Sheryl Crow
18%
Tyler Childers
18%
No matching quizzes found
Score Distribution
Percent of People with Each Score
Percentile by Number Answered
Your Score History
You have not taken this quiz